Statistiche per Riconosci la Squadra di calcio - Quiz n°169

Clicka qui per fare il quiz!

Statistiche generali

  • Questo quiz è stato fatto 2 volte
  • Il punteggio medio è 8 su 12

Statistiche sulle risposte

IndizioRisposta% Corretto
Titoli nazionali0
100%
Trofei nazionali0
100%
Colori socialiRosso, blu
100%
SimboliSqualo
100%
ConfederazioneUEFA
100%
Trofei internazionali0
50%
Capienza Stadio16 643 posti
50%
Fondazione1910
50%
Rifondazione1979
50%
Rifondazione1991
50%
Divisione nazionale 2023-2024Terza
50%
SquadraCrotone
0%

Distribuzione punteggi

Percentile per numero di risposta

Percentuale di utenti per punteggio

I tuoi punteggi nel tempo

Non hai fatto questo quiz